[Event "La tercer paliza de Ichabod"]
[Site "http://www.queenalice.com/game.php?id=498764"]
[Date "2008.11.26"]
[Round "-"]
[White "Drito"]
[Black "ichabod"]
[Result "0-1"]
[WhiteElo "1491"]
[BlackElo "1086"]

1. e4 e6 2. d4 c6 3. Nc3 b5 4. Nf3 f5 5. e5 h6 6. Bd3 g6 7. Ne2 g5 8. h3 a5 9.
b3 b4 10. c4 c5 11. dxc5 Bxc5 12. O-O d6 13. exd6 Bxd6 14. Ned4 Ne7 15. Re1 g4
16. hxg4 fxg4 17. Nh4 g3 18. f3 Bc5 19. Be3 Bxd4 20. Bxd4 Qxd4+ 21. Kh1 Qxh4+
22. Kg1 Qh2+ 23. Kf1 Qh1+ 24. Ke2 Qxg2+ 25. Ke3 Qf2+ 26. Ke4 Bb7+ 27. Kf4 Rf8+
28. Kg4 Bxf3+ 29. Kh3 Qh2# 0-1

[Event "Challenge"]
[Site "http://www.queenalice.com/game.php?id=499153"]
[Date "2008.11.27"]
[Round "-"]
[White "Drito"]
[Black "cioini"]
[Result "1-0"]
[WhiteElo "1456"]
[BlackElo "1367"]

1. e4 e5 2. Nf3 d6 3. c3 Nf6 4. d3 Bg4 5. h3 Be6 6. Bg5 Nc6 7. Bxf6 Qxf6 8. d4
exd4 9. cxd4 O-O-O 10. Nc3 g6 11. d5 Bxd5 12. exd5 Ne5 13. Qd4 c5 14. Qe4 Bh6
15. Be2 Nxf3+ 16. Qxf3 Qe7 17. O-O a6 18. Rfe1 Rhe8 19. Kf1 Bd2 20. Red1 Bxc3
21. bxc3 f5 22. Re1 Qe4 23. Rab1 Qe5 24. Bxa6 Qxc3 25. Qxc3 1-0

[Event "Challenge"]
[Site "http://www.queenalice.com/game.php?id=500563"]
[Date "2008.11.30"]
[Round "-"]
[White "alvinho"]
[Black "Drito"]
[Result "0-1"]
[WhiteElo "1401"]
[BlackElo "1564"]

1. e4 e5 2. Bc4 c6 3. Qh5 Qf6 4. d3 g6 5. Qf3 Qxf3 6. Nxf3 Nf6 7. Ng5 d5 8. exd5
cxd5 9. Bb3 Be7 10. Nc3 Bb4 11. a3 Ba5 12. O-O O-O 13. Bxd5 Nc6 14. Nxf7 Nxd5
15. Nh6+ Kg7 16. Nxd5 Be6 17. Ne3 Nd4 18. c3 Nf5 19. Nhxf5+ Bxf5 20. Nd5 Rfd8
21. Ne3 Bxd3 22. Rd1 Be4 23. Rxd8 Rxd8 24. b4 Bb6 25. Bb2 Rd3 26. Nc4 Bc7 27. g3
b5 28. Ne3 Bb7 29. Rd1 Rxd1+ 30. Nxd1 Kf7 31. Ne3 e4 32. c4 bxc4 33. Nxc4 Ke6
34. Ne3 Bb6 35. Ng4 Kf5 36. Nh6+ Ke6 37. h4 e3 38. Kf1 Ba6+ 39. Ke1 exf2+ 40.
Kd2 f1=Q 41. Ng4 Qe2+ 42. Kc3 Qd3# 0-1

[Event "Challenge"]
[Site "http://www.queenalice.com/game.php?id=505286"]
[Date "2008.12.9"]
[Round "-"]
[White "ichabod"]
[Black "Drito"]
[Result "0-1"]
[WhiteElo "1086"]
[BlackElo "1552"]

1. e3 e5 2. g3 Nf6 3. Bh3 Nc6 4. Nf3 e4 5. Nd4 Nxd4 6. exd4 d5 7. Bxc8 Qxc8 8.
d3 exd3 9. Qxd3 Bd6 10. Bf4 Bxf4 11. gxf4 Qe6+ 12. Qe3 O-O 13. Qxe6 fxe6 14. Nc3
a6 15. O-O-O Ng4 16. Rd2 Rxf4 17. Nd1 b6 18. h3 Nf6 19. b4 Ne4 20. Re2 Rc8 21.
h4 c5 22. Rh3 cxd4 23. Rd3 Rxh4 24. Rxd4 Rh6 25. f3 Nc3 26. Nxc3 Rxc3 0-1

[Event "AUTO-INT-1137"]
[Site "http://www.queenalice.com/game.php?id=508708"]
[Date "2008.12.16"]
[Round "1"]
[White "anetta007"]
[Black "Drito"]
[Result "0-1"]
[WhiteElo "1661"]
[BlackElo "1478"]

1. e4 e5 2. Nf3 Nc6 3. d4 d6 4. dxe5 Bg4 5. exd6 Bxd6 6. b3 Bb4+ 7. c3 Qxd1+ 8.
Kxd1 Bc5 9. Be3 Bxe3 10. fxe3 Nf6 11. Bb5 O-O 12. Bxc6 bxc6 13. Nd2 Rad8 14. Kc2
Rfe8 15. Nd4 Rd6 16. h3 Bh5 17. Kb2 Nxe4 18. g4 Bg6 19. h4 Nxd2 20. h5 Be4 21.
Rhd1 Nf3 22. Nxf3 Bxf3 23. Rxd6 cxd6 24. Rg1 Rxe3 25. h6 g6 26. g5 c5 27. Rd1
Bxd1 0-1

[Event "AUTO-INT-1137"]
[Site "http://www.queenalice.com/game.php?id=508709"]
[Date "2008.12.16"]
[Round "1"]
[White "Drito"]
[Black "anetta007"]
[Result "1-0"]
[WhiteElo "1517"]
[BlackElo "1668"]

1. e4 c5 2. c3 d6 3. d4 cxd4 4. cxd4 e6 5. Nf3 Bd7 6. Nc3 Be7 7. Bb5 a6 8. Ba4
b5 9. Bb3 Nf6 10. O-O Nc6 11. Bg5 h6 12. Bh4 O-O 13. e5 Nh7 14. Bxe7 Qxe7 15.
Re1 b4 16. Na4 dxe5 17. dxe5 a5 18. Qc2 Rac8 19. Qd2 f6 20. exf6 Rxf6 21. Nb6
Rd8 22. Re3 Rdf8 23. Qxd7 Qc5 24. Rxe6 Nb8 25. Rxf6+ 1-0

[Event "AUTO-INT-1137"]
[Site "http://www.queenalice.com/game.php?id=508726"]
[Date "2008.12.16"]
[Round "1"]
[White "georgelin"]
[Black "Drito"]
[Result "1-0"]
[WhiteElo "1651"]
[BlackElo "1578"]

1. e4 e5 2. Nf3 Nc6 3. Nc3 Nf6 4. Bc4 h6 5. d3 Bb4 6. Bd2 O-O 7. Nd5 Bxd2+ 8.
Qxd2 d6 9. O-O Be6 10. a3 a6 11. Nxf6+ Qxf6 12. b4 Bxc4 13. dxc4 Rfd8 14. b5 Nd4
15. Nxd4 exd4 16. Rfd1 axb5 17. cxb5 c5 18. bxc6 bxc6 19. Qxd4 Qxd4 20. Rxd4 1-0

[Event "AUTO-INT-1137"]
[Site "http://www.queenalice.com/game.php?id=508727"]
[Date "2008.12.16"]
[Round "1"]
[White "Drito"]
[Black "georgelin"]
[Result "0-1"]
[WhiteElo "1594"]
[BlackElo "1637"]

1. e4 e5 2. c3 Nf6 3. d3 Nc6 4. Bg5 Bc5 5. Nf3 h6 6. Bxf6 Qxf6 7. g3 d6 8. Bg2
Be6 9. O-O O-O-O 10. d4 exd4 11. cxd4 Nxd4 12. Nc3 Bg4 13. Nd5 Nxf3+ 14. Kh1 Ne5
15. Qc2 Qe6 16. f3 Bh3 17. Bxh3 Qxh3 18. b4 Bb6 19. a4 c6 20. Nxb6+ axb6 21. Qc3
f5 22. exf5 Qxf5 0-1

[Event "chess2drito0"]
[Site "http://www.queenalice.com/game.php?id=512267"]
[Date "2008.12.24"]
[Round "-"]
[White "Drito"]
[Black "chessito"]
[Result "0-1"]
[WhiteElo "1616"]
[BlackElo "1554"]

1. e4 e5 2. Nf3 d6 3. c3 f5 4. exf5 Bxf5 5. d4 e4 6. Nh4 Qxh4 7. Bc4 Nf6 8. Be3
d5 9. g3 Qh3 10. Bf1 Qg4 11. Be2 Qg6 12. b3 Nbd7 13. O-O b6 14. Nd2 c5 15. f3
Bh3 16. Rf2 Bd6 17. f4 Ng4 18. Bxg4 Bxg4 19. Qf1 Qh5 20. h4 cxd4 21. Bxd4 Rg8
22. c4 Nc5 23. cxd5 Bf5 24. Qb5+ Ke7 25. Qe2 g6 26. Qxh5 gxh5 27. Kh2 Nd3 28.
Rff1 Rac8 29. Nc4 b5 30. Ne5 Rc2+ 31. Kg1 Rxg3+ 32. Kh1 e3 33. Nxd3 Be4+ 0-1

[Event "Ichabod"]
[Site "http://www.queenalice.com/game.php?id=659470"]
[Date "2009.9.28"]
[Round "-"]
[White "Drito"]
[Black "ichabod"]
[Result "0-1"]
[WhiteElo "1586"]
[BlackElo "1411"]

1. g3 e5 2. Bg2 d5 3. Nf3 e4 4. Nd4 Bc5 5. c3 a5 6. O-O c6 7. d3 f5 8. Bf4 Qf6
9. Be3 Nd7 10. Bf4 Bxd4 11. cxd4 Qxd4 12. Nc3 exd3 13. Qxd3 Qxd3 14. exd3 d4 15.
Rfe1+ Ne7 16. Ne2 c5 17. Bd6 Ra6 18. Bxe7 Kxe7 19. Nxd4+ Kf6 20. Nb3 a4 21. Nd2
b5 22. b3 Ne5 23. Bf1 Bb7 24. d4 cxd4 25. Bxb5 Ra5 26. Bxa4 d3 27. h3 Rd8 28. f4
Nf3+ 29. Nxf3 Bxf3 30. Kf2 d2 31. Kxf3 dxe1=N+ 32. Rxe1 Rd3+ 33. Kf2 g5 34.
fxg5+ Kxg5 35. Re7 h5 36. Re6 h4 37. Re3 Rxe3 38. Kxe3 hxg3 39. Kf3 Kh4 40. Kg2
f4 41. Bc6 Rxa2+ 42. Kf1 Kxh3 0-1

[Event "AUTO-INT-1481"]
[Site "http://www.queenalice.com/game.php?id=668014"]
[Date "2009.10.16"]
[Round "1"]
[White "MMANZAN"]
[Black "Drito"]
[Result "1-0"]
[WhiteElo "1943"]
[BlackElo "1558"]

1. c4 g6 2. g3 Bg7 3. Bg2 Nf6 4. Nc3 O-O 5. d4 c6 6. c5 d5 7. Nf3 Bf5 8. O-O b6
9. Bf4 Nbd7 10. Qa4 b5 11. Nxb5 cxb5 12. Qxb5 Ne4 13. c6 Qb6 14. Qxb6 Nxb6 15.
Be5 Bxe5 16. dxe5 Rac8 17. Nd4 f6 18. Bxe4 Bxe4 19. e6 Nc4 20. f3 Bf5 21. g4
Bxg4 22. fxg4 Ne3 23. Rfc1 Nc4 24. b3 Ne5 25. h3 Rc7 26. b4 Rfc8 27. b5 Nc4 28.
e4 Ne3 29. Re1 1-0

[Event "AUTO-INT-1481"]
[Site "http://www.queenalice.com/game.php?id=668015"]
[Date "2009.10.16"]
[Round "1"]
[White "Drito"]
[Black "MMANZAN"]
[Result "0-1"]
[WhiteElo "1556"]
[BlackElo "1998"]

1. e4 c5 2. Nf3 d6 3. Bc4 e5 4. c3 Bg4 5. h3 Bxf3 6. Qxf3 Nf6 7. d3 Be7 8. Be3
Qb6 9. b3 O-O 10. O-O Qa5 11. d4 cxd4 12. cxd4 Nc6 13. d5 Nd4 14. Bxd4 exd4 15.
Rd1 Ne8 16. Nd2 b5 17. Be2 Qc3 18. Bxb5 Rb8 19. Bc4 Bg5 20. Qe2 f5 21. exf5 Bxd2
22. Qxd2 Rxf5 23. Qxd4 Qxd4 24. Rxd4 Rf7 25. Re1 Nf6 26. g4 g5 27. Re6 Ne8 28.
Rde4 Nf6 29. Re2 Rd8 30. Re7 a5 31. R2e6 Rxe7 32. Rxf6 Kg7 33. Rf5 h6 0-1

[Event "AUTO-INT-1481"]
[Site "http://www.queenalice.com/game.php?id=668028"]
[Date "2009.10.16"]
[Round "1"]
[White "Drito"]
[Black "andrevillares"]
[Result "0-1"]
[WhiteElo "1542"]
[BlackElo "1861"]

1. d4 Nf6 2. Nc3 e6 3. a3 c5 4. dxc5 Bxc5 5. e3 d5 6. Nf3 Nc6 7. Bb5 O-O 8. O-O
a6 9. Bd3 e5 10. e4 Bg4 11. h3 Bxf3 12. Qxf3 dxe4 13. Nxe4 Nxe4 14. Qxe4 f5 15.
Qc4+ Kh8 16. Qxc5 e4 17. Bc4 Rc8 18. Be3 Na5 19. Qd5 Nxc4 20. Qxd8 Rcxd8 21. b3
Nxe3 22. fxe3 Rd2 23. c4 g5 24. Rfd1 Rfd8 25. Rxd2 Rxd2 26. Kf1 Rd3 27. b4 Rxe3
28. Kf2 Rc3 29. c5 f4 30. a4 Rc2+ 31. Kf1 h5 32. Rd1 e3 33. Rd5 Rf2+ 34. Kg1 Rb2
35. Rxg5 Rxb4 36. Rxh5+ Kg7 37. Rf5 Rxa4 38. h4 Re4 39. Kf1 a5 40. Ke2 a4 41.
Rd5 a3 42. Rd1 Rb4 43. Rd7+ Kf6 44. Rd8 a2 45. Ra8 Rb2+ 46. Kf3 Rf2+ 47. Ke4 e2
48. Rxa2 e1=Q+ 49. Kd5 Rxa2 0-1

[Event "AUTO-INT-1481"]
[Site "http://www.queenalice.com/game.php?id=668029"]
[Date "2009.10.16"]
[Round "1"]
[White "andrevillares"]
[Black "Drito"]
[Result "1-0"]
[WhiteElo "1868"]
[BlackElo "1574"]

1. d4 d5 2. c4 Nc6 3. cxd5 Qxd5 4. Nf3 e5 5. Nc3 Qd8 6. d5 Nd4 7. Nxd4 exd4 8.
Qxd4 Nf6 9. e4 b6 10. Bg5 Be7 11. Bc4 O-O 12. O-O h6 13. Bh4 c5 14. Qd3 a6 15.
a4 Ng4 16. Bg3 Bd6 17. f4 f6 18. h3 Re8 19. hxg4 Bxg4 20. Rae1 Kh8 21. e5 fxe5
22. fxe5 Be7 23. Qg6 Bh4 24. Qxg4 Bg5 25. e6 Qc8 26. d6 Qc6 27. Bd5 1-0

[Event "AUTO-INT-1481"]
[Site "http://www.queenalice.com/game.php?id=668030"]
[Date "2009.10.16"]
[Round "1"]
[White "Drito"]
[Black "otnedia1"]
[Result "1-0"]
[WhiteElo "1539"]
[BlackElo "1603"]

1. g3 e6 2. Bg2 Nf6 3. Nf3 Bc5 4. O-O O-O 5. d4 Bb6 6. c4 c5 7. e3 d5 8. b3 Nc6
9. Nc3 cxd4 10. exd4 Re8 11. Be3 Ne4 12. Nxe4 dxe4 13. Nd2 Nxd4 14. Nxe4 e5 15.
c5 f5 16. Nd6 Re7 17. Nxc8 Rxc8 18. cxb6 Qxb6 19. Bxd4 exd4 20. Rc1 Rd8 21. Re1
Rxe1+ 22. Qxe1 d3 23. Qd2 Qa6 24. Bf1 h6 25. Rc3 Rd6 26. Rxd3 Rg6 27. Rd8+ Kh7
28. Bxa6 bxa6 29. Rd6 a5 30. Rxg6 Kxg6 31. Qxa5 Kg5 32. h4+ Kg4 33. Qxa7 g6 34.
Qd4+ Kh3 35. f3 h5 36. Qf2 g5 37. Qh2# 1-0

[Event "AUTO-INT-1481"]
[Site "http://www.queenalice.com/game.php?id=668031"]
[Date "2009.10.16"]
[Round "1"]
[White "otnedia1"]
[Black "Drito"]
[Result "0-1"]
[WhiteElo "1446"]
[BlackElo "1563"]

1. e4 e5 2. Nf3 Nc6 3. Nc3 Nf6 4. Bb5 Bd6 5. Bxc6 bxc6 6. d4 Bb4 7. O-O exd4 8.
Nxd4 Bxc3 9. bxc3 O-O 10. Re1 d5 11. Bg5 h6 12. Nxc6 Qd6 13. Bxf6 Qxf6 14. Qxd5
Bb7 15. e5 Bxc6 16. Qc4 Qg6 17. g3 Rfe8 18. f4 Bf3 19. Kf2 Qh5 20. Re3 Bb7 21.
Rb1 Qxh2+ 22. Ke1 Qg1+ 23. Kd2 Qxb1 24. Qxc7 Red8+ 25. Ke2 Qd1+ 26. Kf2 Rd2+ 27.
Re2 Qxe2+ 28. Kg1 Qe1# 0-1

[Event "Challenge"]
[Site "http://www.queenalice.com/game.php?id=675706"]
[Date "2009.10.31"]
[Round "-"]
[White "galo4kid"]
[Black "Drito"]
[Result "1-0"]
[WhiteElo "1718"]
[BlackElo "1551"]

1. e4 e5 2. Nf3 Nc6 3. d3 Nf6 4. Bg5 Be7 5. Nc3 d5 6. exd5 Nxd5 7. Nxd5 Qxd5 8.
Bxe7 Nxe7 9. c4 Qd6 10. Be2 h6 11. O-O O-O 12. Re1 Re8 13. Bf1 Ng6 14. Qb3 b6
15. d4 Bg4 16. dxe5 Nxe5 17. Nxe5 Rxe5 18. Qc3 Rh5 19. h3 Be6 20. Qf3 Rg5 21.
Qxa8+ Kh7 22. Rad1 Qc5 23. Bd3+ g6 24. Qe8 h5 25. Rxe6 fxe6 26. Qf7+ Kh6 27. Re1
Qc6 28. Qf8+ Kh7 29. f3 Qd7 30. Qf6 Qxd3 31. Qxg5 Qxc4 32. Qe7+ Kh6 33. Qf8+ Kh7
34. Qf7+ Kh6 35. Rxe6 Qd3 36. Qf4+ Kh7 37. Re7+ Kg8 38. Qf7+ Kh8 39. Re8# 1-0

[Event "Revancha"]
[Site "http://www.queenalice.com/game.php?id=676877"]
[Date "2009.11.3"]
[Round "-"]
[White "ichabod"]
[Black "Drito"]
[Result "1-0"]
[WhiteElo "1505"]
[BlackElo "1570"]

1. e4 e5 2. d4 exd4 3. Qxd4 Nc6 4. Qc4 g6 5. f4 d6 6. Nf3 Bg7 7. Ng5 Qe7 8. g4
Be6 9. Nxe6 Qxe6 10. g5 Qxc4 11. Bxc4 Nge7 12. Nc3 a6 13. a4 h6 14. h4 f5 15.
gxf6 Bxf6 16. h5 O-O-O 17. hxg6 Nxg6 18. f5 Nge5 19. Be6+ Kb8 20. Bxh6 Nd4 21.
O-O-O Ng4 22. Nd5 Nf3 23. Nxf6 Nf2 24. Nd7+ Ka8 25. f6 Nxd1 26. Kxd1 Ne5 27.
Nxe5 dxe5+ 28. Kc1 Rd6 29. f7 Rxe6 30. f8=Q+ Rxf8 31. Bxf8 Rf6 32. Bg7 Rf4 33.
Re1 Rg4 34. Bxe5 Kb8 35. a5 Ka7 36. Bxc7 Rg7 37. Bb6+ Kb8 38. e5 Kc8 39. e6 1-0

[Event "Challenge"]
[Site "http://www.queenalice.com/game.php?id=677597"]
[Date "2009.11.4"]
[Round "-"]
[White "AuntieRenie"]
[Black "Drito"]
[Result "0-1"]
[WhiteElo "1533"]
[BlackElo "1542"]

1. c4 g6 2. d4 Bg7 3. Nf3 Nf6 4. Nc3 O-O 5. e4 b6 6. e5 Ng4 7. h3 Nxf2 8. Kxf2
c6 9. Qc2 d5 10. cxd5 cxd5 11. g4 f6 12. Bf4 Nc6 13. Bg2 a6 14. Qb3 e6 15. Rhe1
Rb8 16. exf6 Na5 17. Qc2 Rb7 18. fxg7 Rxf4 19. Qd2 Qd6 20. Re5 Rff7 21. Qh6 Rxg7
22. Rae1 Nc4 23. R5e2 Rgf7 24. Kg1 Qf4 25. Qxf4 Rxf4 26. b3 Nd6 27. Ng5 Rxd4 28.
Nxe6 Bxe6 29. Rxe6 Nf7 30. Re8+ Kg7 31. Bxd5 Rc7 32. Bc4 Ng5 33. Rg8+ Kh6 34.
Bxa6 Nf3+ 35. Kf2 Nxe1 36. Kxe1 Rxc3 37. Bc4 Rxh3 38. Rb8 Rxg4 39. Rxb6 Rh2 40.
a4 Rg1+ 41. Bf1 Rb2 42. a5 Rb1+ 43. Ke2 Rgxf1 44. a6 Rf8 45. a7 Ra1 46. Rb7 Ra8
47. Rc7 R8xa7 48. Rxa7 Rxa7 49. Kd3 Kg5 50. b4 Rf7 51. b5 h5 52. Kc4 Kf4 53. b6
h4 54. Kb5 h3 55. Ka6 h2 56. b7 Rxb7 57. Kxb7 h1=Q+ 58. Kc7 Qd5 59. Kb6 Ke5 60.
Kc7 Ke6 61. Kb8 Kd6 62. Kc8 Kc6 63. Kb8 Qd7 64. Ka8 Kb6 65. Kb8 Qd8# 0-1

[Event "ésta es la buena"]
[Site "http://www.queenalice.com/game.php?id=691432"]
[Date "2009.12.1"]
[Round "-"]
[White "Drito"]
[Black "ichabod"]
[Result "0-1"]
[WhiteElo "1558"]
[BlackElo "1559"]

1. e4 e5 2. Nf3 d6 3. c3 c5 4. d4 f5 5. Bd3 f4 6. d5 a6 7. g3 g5 8. h4 g4 9.
gxf4 gxf3 10. fxe5 Bg4 11. exd6 Qxd6 12. c4 h5 13. Bg5 Bg7 14. Qc2 a5 15. Nd2
Na6 16. a3 Bf6 17. Bxf6 Nxf6 18. Qd1 Qe5 19. Rb1 Qf4 20. Qa4+ Nd7 21. Qxa5 b6
22. Qa4 O-O 23. Rg1 Ne5 24. Bc2 Nb4 25. Qb3 Nxc2+ 26. Qxc2 Ra4 27. Qxa4 Nd3+ 28.
Kd1 Nxf2+ 29. Kc2 Nxe4 30. Nxf3 Qxf3 31. Qb3 Qe2+ 32. Kc1 Qd2# 0-1